MCT/IGBTs/Diodes.
Guardado en:
| Autor Corporativo: | |
|---|---|
| Formato: | Libro |
| Idioma: | English |
| Publicado: |
Melbourne, FL :
Harris semiconductor,
1994.
|
| Materias: | |
| Etiquetas: |
Agregar Etiqueta
Sin Etiquetas, Sea el primero en etiquetar este registro!
|
| LEADER | 00625nam a22001815a 4500 | ||
|---|---|---|---|
| 001 | EIQ.libpla003937 | ||
| 008 | 080414s1994####flua##########000#0#eng#d | ||
| 005 | 20080414184805.0 | ||
| 245 | 0 | 0 | |a MCT/IGBTs/Diodes. |
| 260 | |a Melbourne, FL : |b Harris semiconductor, |c 1994. | ||
| 300 | |a 1 v. (en varias paginaciones) : |b il. ; |c 25 cm. | ||
| 710 | 2 | |a Harris Semiconductor (Firm) | |
| 650 | 4 | |a Electrónica |x Semiconductores. | |
| 650 | 4 | |a Semiconductores |x Catálogos. | |
| 650 | 4 | |a Electronics |x Semiconductors. | |
| 650 | 4 | |a Semiconductors |x Catalogs. | |
| 040 | |a AR-BbSID |b spa |c AR-BbSID | ||
| 859 | |a AR-BbSID |b BIB. PLAPIQUI |h 621.381 522 |i M 459 |p 2420 | ||
